000 00821nam a2200217Ia 4500
999 _c36356
_d36356
001 2268
003 GE_BSU
005 20190501172343.0
008 181216s1998||||ge |||||||||||||| ||geo||
040 _cGE_BSU
041 _ageo
080 _a57(075.8) ა–17
100 _aაბზიანიძე, ე.
_9544
245 _aბიოლოგია :
_bთსსუ სტუდენტებისათვის /
_cაბზიანიძე, ე; იმნაძე, ე; რედ მ. ჭიპაშვილი.
264 _aთბილისი;
_c1998.
300 _a78 გვ.;
_b19 სმ.
653 _aბიოლოგია
700 _aიმნაძე, ე.
_eავტორი
_9614
700 _a ჭიპაშვილი, მ.
_eრედაქტორი
_9615
942 _cBK
_2udc